000 00643nam a2200217Ia 4500
008 160517s9999 xx 000 0 und d
050 _aT 58.6
050 _b.L961 2016
100 _aLuna, Kristin Alyssa G.
245 _aPoint of system with inventory management for pallera's trading and gen. merchandise co. /
245 _cKristin Alyssa G. Luna.
260 _aLas PiƱas, Philippines :
260 _bSISC,
260 _c2016.
300 _a170 pages :
300 _billustrations ;
300 _c28 cm.
500 _aIncludes bibliographical references and appendices.
521 _aInformation Technology
942 _cTH
999 _c293932
_d293932